Science of Wood Degradation and its Protection (Record no. 52152)

MARC details
000 -LEADER
fixed length control field 00511nam a22001817a 4500
003 - CONTROL NUMBER IDENTIFIER
control field OSt
008 - FIXED-LENGTH DATA ELEMENTS--GENERAL INFORMATION
fixed length control field 260618b |||||||| |||| 00| 0 eng d
020 ## - INTERNATIONAL STANDARD BOOK NUMBER
International Standard Book Number 9789811687990
082 ## - DEWEY DECIMAL CLASSIFICATION NUMBER
Classification number 674.38
Item number S95S
100 ## - MAIN ENTRY--PERSONAL NAME
Personal name Sundararaj, R.
245 ## - TITLE STATEMENT
Title Science of Wood Degradation and its Protection
Statement of responsibility, etc. Sundararaj, R.
260 ## - PUBLICATION, DISTRIBUTION, ETC. (IMPRINT)
Place of publication, distribution, etc Singapore
Name of publisher, distributor, etc Springer Nature
Date of publication, distribution, etc 2022
300 ## - PHYSICAL DESCRIPTION
Extent vii. 744 p.
650 ## - SUBJECT ADDED ENTRY--TOPICAL TERM
Topical term or geographic name as entry element wood preservation
650 ## - SUBJECT ADDED ENTRY--TOPICAL TERM
Topical term or geographic name as entry element technological protection
650 ## - SUBJECT ADDED ENTRY--TOPICAL TERM
Topical term or geographic name as entry element environmental degradation
942 ## - ADDED ENTRY ELEMENTS (KOHA)
Source of classification or shelving scheme
Koha item type Books
Holdings
Withdrawn status Lost status Source of classification or shelving scheme Damaged status Not for loan Home library Current library Shelving location Date acquired Source of acquisition Currency Cost, normal purchase price Total Checkouts Full call number Barcode Date last seen Bill Date Koha item type Bill Number
          Dr. Rajendra Prasad Central Agricultural University Pusa, Dr. Rajendra Prasad Central Agricultural University Pusa, General Stacks 18/06/2026 Scientific Publishers, Rajasthan INR 27208.00   674.38 S95S 88787 18/06/2026 12/02/2026 Books SPI/25-26/440
          Dr. Rajendra Prasad Central Agricultural University Pusa, Dr. Rajendra Prasad Central Agricultural University Pusa, General Stacks 18/06/2026 Scientific Publishers, Rajasthan INR 27208.00   674.38 S95S 88788 18/06/2026 12/02/2026 Books SPI/25-26/440
Hosted, Implemented, Customized & Maintained by: BestBookBuddies

Powered by Koha